[Event "GER-chT U10"]
[Site "Magdeburg"]
[Date "2012.12.28"]
[Round "4.4"]
[White "Meurer, Calvin"]
[Black "Komorowski, Antek"]
[Result "0-1"]
[WhiteElo "771"]
[BlackElo "1063"]
[PlyCount "116"]
[EventDate "2012.12.27"]
[EventType "team-swiss"]
[EventRounds "7"]
[EventCountry "GER"]
[SourceTitle "EXT 2014"]
[Source "ChessBase"]
[SourceDate "2013.11.20"]
[SourceVersion "1"]
[SourceVersionDate "2013.11.20"]
[SourceQuality "1"]
[WhiteTeam "Doellnitz"]
[BlackTeam "Hamburger SK"]
[WhiteTeamCountry "GER"]
[BlackTeamCountry "GER"]

1. d4 d5 2. Nc3 Nf6 3. Bg5 Nc6 4. Bxf6 exf6 5. e4 dxe4 6. Nxe4 Nxd4 7. c3 Nc6 8. Qxd8+ Nxd8 9. Nf3 Bf5 10. Bd3 Ne6 11. Nd6+ cxd6 12. Bxf5 g6 13. Bxe6 fxe6 14. 0-0 d5 15. Nd4 e5 16. Ne6 Kd7 17. Nc5+ Bxc5 18. Rfd1 Ke6 19. b4 Bb6 20. Rd2 Rhc8 21. Rad1 Rd8 22. g3 d4 23. c4 Rd7 24. c5 Bc7 25. a4 Rad8 26. b5 e4 27. c6 bxc6 28. bxc6 Rd6 29. Rc2 e3 30. fxe3 dxe3 31. Rxd6+ Rxd6 32. Kf1 Rd1+ 33. Ke2 Rd2+ 34. Rxd2 exd2 35. Kxd2 Kd6 36. h4 Kxc6 37. g4 Bg3 38. h5 gxh5 39. gxh5 Kd5 40. Ke3 Ke5 41. Kf3 f5 42. Kxg3 f4+ 43. Kf3 Kf5 44. Kf2 Ke4 45. Kf1 Kf3 46. a5 Ke3 47. a6 Kf3 48. h6 Ke3 49. Kg1 Ke2 50. Kg2 f3+ 51. Kg3 f2 52. Kg4 f1Q 53. Kg5 Ke3 54. Kg4 Qf4+ 55. Kh5 Qf5+ 56. Kh4 Qg6 57. Kh3 Kf3 58. Kh2 Qg2# 0-1